| 000 -LEADER |
| fixed length control field |
02368mam a2200289 a 4500 |
| 005 - DATE AND TIME OF LATEST TRANSACTION |
| control field |
20131029050858.0 |
| 008 - FIXED-LENGTH DATA ELEMENTS--GENERAL INFORMATION |
| fixed length control field |
970402s1997 coua b 001 0 eng |
| 020 ## - INTERNATIONAL STANDARD BOOK NUMBER |
| International Standard Book Number |
0813399637 |
| 020 ## - INTERNATIONAL STANDARD BOOK NUMBER |
| International Standard Book Number |
0813399629 |
| 041 0# - LANGUAGE CODE |
| Language code of text/sound track or separate title |
eng |
| 080 ## - UNIVERSAL DECIMAL CLASSIFICATION NUMBER |
| Universal Decimal Classification number |
327 |
| 100 1# - Rafti |
| Rafti |
Weiss, Thomas George. |
| 245 14 - TITLE STATEMENT |
| Title |
The United Nations and changing world politics / |
| Statement of responsibility, etc |
Thomas G. Weiss, David P. Forsythe, Roger A. Coate. |
| 250 ## - |
| -- |
2nd ed. |
| 260 ## - |
| -- |
Boulder, Colo. : |
| -- |
Westview Press, |
| -- |
1997. |
| 300 ## - |
| -- |
xxv, 320 p. : |
| -- |
ill. ; |
| -- |
23 cm. |
| 500 ## - |
| -- |
Preface to the second edition : f. XV-XIX |
| 504 ## - BIBLIOGRAPHY, ETC. NOTE |
| Bibliography, etc |
Includes bibliographical references (p. 287-299) and index. |
| 505 00 - |
| -- |
Foreword to the Second Edition / |
| -- |
Inis L. Claude, Jr. -- |
| -- |
1. |
| -- |
The Theory of UN Collective Security -- |
| -- |
2. |
| -- |
The Reality of UN Security Efforts During the Cold War -- |
| -- |
3. |
| -- |
UN Security Operations After the Cold War -- |
| -- |
4. |
| -- |
Groping Toward the Twenty-first Century -- |
| -- |
5. |
| -- |
The United Nations, Human Rights, and Humanitarian Affairs: The Theory -- |
| -- |
6. |
| -- |
The United Nations and Applying Human Rights Standards -- |
| -- |
7. |
| -- |
Change, the United Nations, and Human Rights -- |
| -- |
8. |
| -- |
Developmentalism and the United Nations -- |
| -- |
9. |
| -- |
Ecodevelopment and the United Nations -- |
| -- |
10. |
| -- |
Sustainable Development and Human Security: Problems and Prospects for the UN Beyond the 1990s -- |
| -- |
Conclusion: Learning from Change -- |
| -- |
App. |
| -- |
The United Nations System. |
| 520 ## - |
| -- |
In this fresh, thematic text, the authors bring the UN alive from its historical foundations to its expanding role in the post-Cold War arena. Students of all levels will learn what the UN is, how it operates, and what its relationships are with external actors and institutions. |
| 520 8# - |
| -- |
Using insights from their practical as well as academic experience with the UN, the authors show how the UN has influenced norms and operations in three keys areas - security, human rights, and sustainable development - and provide recommendations for improved UN performance in the future. Well-documented and illustrated, The United Nations and Changing World Politics is essential to a comprehensive and contemporary understanding of the world's leading intergovernmental organization. |
| 610 20 - |
| -- |
Shtetet e Bashkuara |
| 650 #0 - |
| -- |
Politika botërore |
| -- |
1989- |
| 700 1# - |
| -- |
Forsythe, David P., |
| -- |
1941- |
| 700 1# - |
| -- |
Coate, Roger A. |
| 942 ## - ADDED ENTRY ELEMENTS (KOHA) |
| Source of classification or shelving scheme |
|
| Item type |
Books |